@Human Rights/ (Record no. 216776)

MARC details
000 -LEADER
fixed length control field 00553nam a22001817a 4500
005 - DATE AND TIME OF LATEST TRANSACTION
control field 20260622171137.0
010 ## - LCCN (DPL NO)
LC control number ENG-148914
020 ## - INTERNATIONAL STANDARD BOOK NUMBER
Terms of availability 295.00
International Standard Book Number 9789383848782
035 ## - SYSTEM CONTROL NUMBER
System control number EN-132446
037 ## - SOURCE OF ACQUISITION
Source of stock number/acquisition DBAD
082 ## - DEWEY DECIMAL CLASSIFICATION NUMBER
Classification number 341.48
245 ## - TITLE STATEMENT
Title @Human Rights/
Statement of responsibility, etc Edited By Vijay Kumar Verma
250 ## - EDITION STATEMENT
Edition statement 1
260 ## - PUBLICATION, DISTRIBUTION, ETC. (IMPRINT)
Place of publication, distribution, etc New Delhi
Name of publisher, distributor, etc Pinnacle Learning
Date of publication, distribution, etc 2024
270 ## - ADDRESS
City New Delhi
Address 24, D.D.A Shopping Complex Ber Sarai,
Postal code 110016
Telephone number 65664085
Electronic mail address pinnaclelearning@hotmail.com
300 ## - PHYSICAL DESCRIPTION
Extent 168p.
Dimensions 22cm(pb)
942 ## - ADDED ENTRY ELEMENTS (KOHA)
Source of classification or shelving scheme Dewey Decimal Classification
Item type English Books
Classification part 341.48
Call number suffix HUM
Holdings
Withdrawn status Lost status Not for loan Collection code Home library Current library Date acquired Source of acquisition Cost, normal purchase price Full call number Barcode Copy number Cost, replacement price Koha item type
    Not For Loan Non-fiction D.B.Act.Division D.B.Act.Division 22/06/2026 Delivery of Books Act Division 295.00 341.48 HUM EN-132446 1 295.00 English Books

© Delhi Public Library
Hit Counter
free hit counter